Partial differential equations for scientists and engineers /
Guardado en:
| Autor Principal: | |
|---|---|
| Formato: | Libro |
| Idioma: | English |
| Publicado: |
New York :
Wiley,
c1982.
|
| Materias: | |
| Etiquetas: |
Agregar Etiqueta
Sin Etiquetas, Sea el primero en etiquetar este registro!
|
| LEADER | 00965pam a2200229 a 4500 | ||
|---|---|---|---|
| 001 | MAT.inmabb006021 | ||
| 008 | 810730s1982####nyua#####b####001#0#eng## | ||
| 005 | 20130315120500.0 | ||
| 245 | 1 | 0 | |a Partial differential equations for scientists and engineers / |c Stanley J. Farlow. |
| 260 | |a New York : |b Wiley, |c c1982. | ||
| 300 | |a ix, 402 p. : |b il. ; |c 25 cm. | ||
| 500 | |a Illustrations on lining papers. | ||
| 504 | |a Incluye referencias bibliográficas e índice. | ||
| 505 | 0 | |a 1. Introduction, 2. Diffusion-type problems, 3. Hyperbolic-type problems, 4. Elliptic-type problems, 5. Numerical and approximate methods, Appendix 1: Integral transform tables, Appendix 2: PDE crossword puzzle. | |
| 510 | 4 | |a MR, |c 83e:35001 | |
| 020 | |a 0471086398 | ||
| 100 | 1 | |a Farlow, Stanley J., |d 1937- | |
| 650 | 0 | |a Differential equations, Partial. | |
| 084 | |a 35-01 (00A06 65-01) |2 msc2000 | ||
| 010 | |a 81012993 | ||
| 040 | |a DLC |c DLC |d DLC | ||
| 859 | |h 35 |i F232 |p A-6379 |b BIB. MATEMATICA | ||
